The Distributional Impact of a Carbon Tax in Asia and the Pacific /

While a carbon tax is widely acknowledged as an efficient policy to mitigate climate change, adoption has lagged. Part of the challenge resides in the distributional implications of a carbon tax and a belief that it tends to be regressive. Even when not regressive, poor households could be hurt by a...

Popoln opis

Bibliografske podrobnosti
Glavni avtor: Alonso, Cristian
Drugi avtorji: Kilpatrick, Joey.
Format: Revija
Jezik:English
Izdano: Washington, D.C. : International Monetary Fund, 2022.
Serija:IMF Working Papers; Working Paper ; No. 2022/116
Teme:
Online dostop:Full text available on IMF
LEADER 01972cas a2200313 a 4500
001 AALejournalIMF022962
008 230101c9999 xx r poo 0 0eng d
020 |c 20.00 USD 
020 |z 9798400212383 
022 |a 1018-5941 
040 |a BD-DhAAL  |c BD-DhAAL 
100 1 |a Alonso, Cristian. 
245 1 4 |a The Distributional Impact of a Carbon Tax in Asia and the Pacific /  |c Cristian Alonso, Joey Kilpatrick. 
264 1 |a Washington, D.C. :  |b International Monetary Fund,  |c 2022. 
300 |a 1 online resource (50 pages) 
490 1 |a IMF Working Papers 
500 |a <strong>Off-Campus Access:</strong> No User ID or Password Required 
500 |a <strong>On-Campus Access:</strong> No User ID or Password Required 
506 |a Electronic access restricted to authorized BRAC University faculty, staff and students 
520 3 |a While a carbon tax is widely acknowledged as an efficient policy to mitigate climate change, adoption has lagged. Part of the challenge resides in the distributional implications of a carbon tax and a belief that it tends to be regressive. Even when not regressive, poor households could be hurt by a carbon tax, particularly in countries that rely heavily on carbon-intensive energy sources. Using household surveys, we study how a carbon tax may affect households in the Asia Pacific region, the main source of CO2 emissions. We document a wide range of country-specific policies that could be implemented to compensate households, reduce inequality, and build support for adoption. 
538 |a Mode of access: Internet 
650 7 |a Carbon Pricing  |2 imf 
650 7 |a Climate Change  |2 imf 
650 7 |a Compensation  |2 imf 
650 7 |a Distributional Effects  |2 imf 
650 7 |a Inequality  |2 imf 
700 1 |a Kilpatrick, Joey.. 
830 0 |a IMF Working Papers; Working Paper ;  |v No. 2022/116 
856 4 0 |z Full text available on IMF  |u https://elibrary.imf.org/openurl?genre=journal&issn=1018-5941&volume=2022&issue=116  |z IMF e-Library